|
|
|
|
| LEADER |
00000nab a2200000uu 4500 |
| 001 |
vtls010877036 |
| 003 |
SK-MaSNL |
| 005 |
20260303141443.0 |
| 008 |
230222|1974 xo |||||||||||||||||slo| |
| 015 |
|
|
|a SNBRB
|
| 035 |
|
|
|a (urnnbn)urn:nbn:sk:snk:ar-005pd1
|
| 035 |
|
|
|a (uuid)3aeb746d-27f6-4087-9308-0124dc583675
|
| 035 |
|
|
|a urn:nbn:sk:snk-ab7ljo
|
| 040 |
|
|
|a SNKBUCL
|b slo
|c SNKBUCL
|e AACR2
|
| 041 |
0 |
|
|a slo
|
| 044 |
|
|
|a xo
|c SK
|
| 100 |
1 |
|
|a Rudohradský, Štefan
|4 aut
|9 269549
|
| 245 |
1 |
0 |
|a OKRESNÍ ARCHÍV SVITAVY SE SÍDLEM V LITOMYŠLI.
|c Štefan Rudohradský
|
| 773 |
0 |
|
|t Slovenská archivistika
|g Roč. 9, č. 1 (1974), s. 166-168
|
| 954 |
|
|
|a odborná, vedecká literatúra pôvodná (slovenská)
|2 lita
|
| 958 |
|
|
|a OND
|
| 958 |
|
|
|a EUIPO
|
| 958 |
|
|
|a article8
|
| 999 |
|
|
|c 1976513
|d 1978443
|